000 00260nam a22001217a 4500
008 190129b xxu||||| |||| 00| 0 eng d
041 _aeng
080 _a531
100 _a43
101 _aFIZ
245 _aThe Joy of Physics
_cWiggins, A.W
942 _2udc
_cBK
999 _c53894
_d53894